LEADER 00722nam0-22002531i-450 001 990005011380403321 005 20260313111435.0 035 $a000501138 100 $a19990604d1970----km-y0itay50------ba 101 0 $aita 102 $aIT 105 $ay-------001yy 200 1 $a<>dialetto di Bologna$efonetica storica e analisi strutturale$fFrancesco Coco 210 $aBologna$cForni$d1970 215 $aXXXIII, 169 p.$d22 cm 225 1 $aStudi e materiali$v4 700 1$aCoco,$bFrancesco$0200547 801 0$aIT$bUNINA$gRICA$2UNIMARC 901 $aBK 912 $a990005011380403321 952 $a457.36 COCO 01$bIst.f.m.31910$fFLFBC 959 $aFLFBC 996 $aDialetto di Bologna$9529761 997 $aUNINA